[Event "19. Obert Int. Sant Marti 2017 - B"]
[Site "Barcelona ESP"]
[Date "2017.07.14"]
[Round "2.36"]
[White "Garcia Quevedo, Jose"]
[Black "Romero Funieles, Rafael"]
[Result "1/2-1/2"]
[WhiteElo "1882"]
[BlackElo "1683"]
[PlyCount "86"]
[EventDate "2017.07.13"]
[EventType "swiss"]
[EventRounds "9"]
[EventCountry "ESP"]
[SourceTitle "Ajedrez en Madrid"]
[Source "lmi"]
[SourceDate "2017.07.13"]
[SourceVersion "1"]
[SourceVersionDate "2019.06.21"]
[SourceQuality "1"]

1. d4 d6 2. c4 e6 3. Nc3 Be7 4. e4 e5 5. d5 Nf6 6. f3 c6 7. Be3 a6 8. a4 cxd5
9. cxd5 Nh5 10. Qd2 Nd7 11. Bd3 b6 12. Nge2 Nc5 13. Bc2 Bh4+ 14. g3 Be7 15. O-O
h6 16. f4 exf4 17. Nxf4 Nxf4 18. Bxf4 O-O 19. Rae1 Bh3 20. Rf2 Nd7 21. e5 dxe5
22. Bxh6 Bc5 23. Be3 f5 24. Bxc5 bxc5 25. d6 Rb8 26. Bd3 Rb4 27. Bxa6 Rd4 28.
Qc2 c4 29. Nb5 Re4 30. Rxe4 fxe4 31. Nc7 Rxf2 32. Qxf2 Qg5 33. Bxc4+ Kh8 34.
Nd5 Qc1+ 35. Bf1 Bxf1 36. Qxf1 Qc5+ 37. Kh1 Qxd5 38. Qh3+ Kg8 39. Qxd7 e3+ 40.
Kg1 Qd1+ 41. Kg2 e2 42. Qe8+ Kh7 43. Qh5+ Kg8 1/2-1/2

[Event "19. Obert Int. Sant Marti 2017 - B"]
[Site "Barcelona ESP"]
[Date "2017.07.14"]
[Round "2.37"]
[White "Colom Andres, Xavier"]
[Black "Pascual Gonzalez-Novelles, David"]
[Result "1-0"]
[WhiteElo "1874"]
[BlackElo "1593"]
[PlyCount "80"]
[EventDate "2017.07.13"]
[EventType "swiss"]
[EventRounds "9"]
[EventCountry "ESP"]
[SourceTitle "Ajedrez en Madrid"]
[Source "lmi"]
[SourceDate "2017.07.13"]
[SourceVersion "1"]
[SourceVersionDate "2019.06.21"]
[SourceQuality "1"]

1. d4 d5 2. c4 c6 3. Nc3 Nf6 4. Nf3 Nbd7 5. Bg5 e6 6. e3 Be7 7. Bd3 h6 8. Bh4
O-O 9. O-O Nh7 10. Bxe7 Qxe7 11. cxd5 cxd5 12. Qc2 Ng5 13. Nxg5 Qxg5 14. f4 Qe7
15. f5 Nf6 16. Rae1 Bd7 17. e4 Qb4 18. e5 Qxd4+ 19. Qf2 Qxf2+ 20. Rxf2 Ne8 21.
f6 g6 22. Ref1 Kh7 23. h4 h5 24. g4 Kh6 25. Rg2 hxg4 26. Rxg4 Rg8 27. Rff4 a6
28. Rg5 Bb5 29. Nxb5 axb5 30. Rfg4 Nc7 31. h5 Ra4 32. b4 Rxb4 33. Rxb4 Kxg5 34.
hxg6 fxg6 35. Kg2 Kh5 36. Kg3 g5 37. Rb1 g4 38. Rh1+ Kg5 39. Rh7 Rf8 40. Rg7+
Kh6 1-0

[Event "19. Obert Int. Sant Marti 2017 - B"]
[Site "Barcelona ESP"]
[Date "2017.07.14"]
[Round "2.38"]
[White "Sanchez Paz, Josep"]
[Black "Gonzalez Lafita, Oscar"]
[Result "0-1"]
[WhiteElo "1657"]
[BlackElo "1867"]
[PlyCount "62"]
[EventDate "2017.07.13"]
[EventType "swiss"]
[EventRounds "9"]
[EventCountry "ESP"]
[SourceTitle "Ajedrez en Madrid"]
[Source "lmi"]
[SourceDate "2017.07.13"]
[SourceVersion "1"]
[SourceVersionDate "2019.06.21"]
[SourceQuality "1"]

1. d4 d5 2. Nf3 Nf6 3. Bf4 e6 4. e3 Be7 5. Bd3 O-O 6. O-O b6 7. Nbd2 Bb7 8. Rc1
Nbd7 9. c4 c5 10. Bb1 Re8 11. Re1 Rc8 12. h3 cxd4 13. exd4 Nf8 14. Ne5 dxc4 15.
Rxc4 Qd5 16. Qf3 Rxc4 17. Ndxc4 Qxf3 18. Nxf3 Bxf3 19. gxf3 Ng6 20. Bg3 Rd8 21.
Rd1 Bc5 22. Kf1 Rxd4 23. Rxd4 Bxd4 24. b3 Nd5 25. f4 Ngxf4 26. h4 Nh5 27. Bb8
a5 28. a4 Nhf6 29. Be5 Bxe5 30. Nxe5 Kf8 31. Ke2 Nc3+ 0-1

[Event "19. Obert Int. Sant Marti 2017 - B"]
[Site "Barcelona ESP"]
[Date "2017.07.14"]
[Round "2.39"]
[White "Ferre Navarro, Joan"]
[Black "Poyato Ruiz, Fernando"]
[Result "0-1"]
[WhiteElo "1587"]
[BlackElo "1863"]
[PlyCount "76"]
[EventDate "2017.07.13"]
[EventType "swiss"]
[EventRounds "9"]
[EventCountry "ESP"]
[SourceTitle "Ajedrez en Madrid"]
[Source "lmi"]
[SourceDate "2017.07.13"]
[SourceVersion "1"]
[SourceVersionDate "2019.06.21"]
[SourceQuality "1"]

1. d4 e6 2. Nf3 Nf6 3. Bf4 d5 4. e3 c5 5. c3 Nc6 6. Bd3 Be7 7. h3 Bd7 8. O-O
O-O 9. Nbd2 Rc8 10. Re1 Qb6 11. b3 cxd4 12. exd4 a6 13. Be3 Qc7 14. c4 dxc4 15.
Nxc4 Nd5 16. Bc1 Bb4 17. Re4 f5 18. Re2 Nc3 19. Qc2 Nxe2+ 20. Qxe2 Bc3 21. Bb2
Bxb2 22. Qxb2 Nb4 23. Bb1 b5 24. Qa3 Nd5 25. Nce5 Qc1+ 26. Qxc1 Rxc1+ 27. Kh2
Rd8 28. Nxd7 Rxd7 29. Bxf5 Rxa1 30. Bxe6+ Kf8 31. Bxd7 Rxa2 32. Be6 Nc7 33. d5
Nxe6 34. dxe6 Ke7 35. Nd4 Rxf2 36. Kg3 Rd2 37. Nf5+ Kxe6 38. Nxg7+ Kf7 0-1

[Event "19. Obert Int. Sant Marti 2017 - B"]
[Site "Barcelona ESP"]
[Date "2017.07.14"]
[Round "2.40"]
[White "Lozano Ruiz, David"]
[Black "Martinez Torras, Pol"]
[Result "0-1"]
[WhiteElo "1844"]
[BlackElo "1631"]
[PlyCount "84"]
[EventDate "2017.07.13"]
[EventType "swiss"]
[EventRounds "9"]
[EventCountry "ESP"]
[SourceTitle "Ajedrez en Madrid"]
[Source "lmi"]
[SourceDate "2017.07.13"]
[SourceVersion "1"]
[SourceVersionDate "2019.06.21"]
[SourceQuality "1"]

1. c4 c5 2. g3 g6 3. Bg2 Nc6 4. Nc3 Bg7 5. Nf3 d6 6. O-O e5 7. d3 Nge7 8. Bd2
O-O 9. a3 Be6 10. Ng5 Qd7 11. Nxe6 Qxe6 12. Nd5 Qd7 13. Rb1 Nxd5 14. Bxd5 Ne7
15. Bg2 Rab8 16. b4 b6 17. Qb3 h6 18. b5 f5 19. e3 g5 20. f4 Rbd8 21. a4 Kh7
22. Bc3 exf4 23. gxf4 Bxc3 24. Qxc3 d5 25. a5 d4 26. Qd2 dxe3 27. Qxe3 Qd4 28.
Rbe1 Ng6 29. fxg5 hxg5 30. axb6 axb6 31. Bd5 Qxe3+ 32. Rxe3 Nf4 33. Re5 Nxd5
34. cxd5 Kg6 35. Rfe1 Rf6 36. Kf2 Rfd6 37. Re6+ Kg7 38. Rxd6 Rxd6 39. Re6 Rxe6
40. dxe6 Kf6 41. h4 gxh4 42. Kf3 Kxe6 0-1

[Event "19. Obert Int. Sant Marti 2017 - B"]
[Site "Barcelona ESP"]
[Date "2017.07.14"]
[Round "2.42"]
[White "Martinez Hernandez, Emili"]
[Black "Landsverk, Ida"]
[Result "1-0"]
[WhiteElo "1823"]
[BlackElo "1439"]
[PlyCount "59"]
[EventDate "2017.07.13"]
[EventType "swiss"]
[EventRounds "9"]
[EventCountry "ESP"]
[SourceTitle "Ajedrez en Madrid"]
[Source "lmi"]
[SourceDate "2017.07.13"]
[SourceVersion "1"]
[SourceVersionDate "2019.06.21"]
[SourceQuality "1"]

1. d4 f5 2. Nc3 Nf6 3. Bg5 e6 4. e4 Be7 5. exf5 exf5 6. Bd3 d5 7. Qf3 O-O 8.
Bxf6 Bxf6 9. Qxd5+ Qxd5 10. Nxd5 Na6 11. c3 Bd8 12. Nf3 c5 13. Bc4 Kh8 14. O-O
b6 15. Rfe1 Bb7 16. Ne7 Nc7 17. Ng5 Nd5 18. Nxd5 Bxg5 19. Nc7 cxd4 20. Nxa8
Bxa8 21. cxd4 Bf6 22. Rad1 g6 23. b3 Rd8 24. Re6 Bxd4 25. Rxd4 Rxd4 26. Re8+
Kg7 27. Rxa8 Rd1+ 28. Bf1 a5 29. Rb8 Ra1 30. a4 1-0

[Event "19. Obert Int. Sant Marti 2017 - B"]
[Site "Barcelona ESP"]
[Date "2017.07.14"]
[Round "2.43"]
[White "Madrid Sole, Antonio"]
[Black "Minko, Olga"]
[Result "1/2-1/2"]
[WhiteElo "1772"]
[BlackElo "1563"]
[PlyCount "91"]
[EventDate "2017.07.13"]
[EventType "swiss"]
[EventRounds "9"]
[EventCountry "ESP"]
[SourceTitle "Ajedrez en Madrid"]
[Source "lmi"]
[SourceDate "2017.07.13"]
[SourceVersion "1"]
[SourceVersionDate "2019.06.21"]
[SourceQuality "1"]

1. d4 d5 2. Nf3 Nf6 3. e3 e6 4. Bd3 c5 5. b3 a6 6. O-O Nbd7 7. Bb2 b5 8. dxc5
Nxc5 9. Be2 Bb7 10. Nbd2 Be7 11. Ne5 Rc8 12. Nd3 O-O 13. Nxc5 Rxc5 14. a4 b4
15. Bd3 Qc7 16. Bd4 Rc6 17. f4 Qd8 18. Qf3 Bc5 19. Be5 Nd7 20. Qh3 g6 21. Bb2
Be7 22. Nf3 Bf6 23. Ne5 Nxe5 24. fxe5 Bg7 25. Rf4 a5 26. Rh4 h6 27. Rf1 Ba6 28.
Bxa6 Rxa6 29. c4 dxc4 30. Rxc4 Qd2 31. Bd4 Qd3 32. Qf3 Qxb3 33. Rc7 Qd5 34. Qe2
Rc6 35. Rb7 Qe4 36. Rb5 Rc2 37. Qf3 Qxf3 38. Rxf3 Rc1+ 39. Kf2 Rfc8 40. Rxa5
Rb8 41. Ra7 b3 42. Kg3 b2 43. Rfxf7 b1=Q 44. Rxg7+ Kh8 45. Rh7+ Kg8 46. Rhg7+
1/2-1/2

[Event "19. Obert Int. Sant Marti 2017 - B"]
[Site "Barcelona ESP"]
[Date "2017.07.14"]
[Round "2.45"]
[White "Pereda Villalba, Julian"]
[Black "Bernat Mor, Juli"]
[Result "1-0"]
[WhiteElo "1719"]
[BlackElo "1274"]
[PlyCount "91"]
[EventDate "2017.07.13"]
[EventType "swiss"]
[EventRounds "9"]
[EventCountry "ESP"]
[SourceTitle "Ajedrez en Madrid"]
[Source "lmi"]
[SourceDate "2017.07.13"]
[SourceVersion "1"]
[SourceVersionDate "2019.06.21"]
[SourceQuality "1"]

1. d4 d5 2. c4 c6 3. cxd5 cxd5 4. Nc3 Nf6 5. g3 Bf5 6. Bg2 e6 7. Nf3 Be7 8. O-O
O-O 9. Nh4 Re8 10. Nxf5 exf5 11. Qb3 Qb6 12. Qxb6 axb6 13. Nxd5 Nxd5 14. Bxd5
Nc6 15. e3 Ra5 16. Bb3 f4 17. d5 fxg3 18. hxg3 Nd8 19. Bd2 Ra8 20. Rac1 Bc5 21.
Kg2 Re5 22. Bc3 Rg5 23. Rcd1 Kf8 24. Bd4 Bxd4 25. Rxd4 f5 26. Rb4 Rc8 27. Rxb6
h5 28. f4 Rg4 29. Bd1 h4 30. Bxg4 fxg4 31. gxh4 Rc5 32. Rd1 Rc2+ 33. Kg3 Re2
34. Rb3 Rc2 35. Kxg4 Rg2+ 36. Kf3 Rg6 37. Rc1 Rd6 38. e4 Ke8 39. Rc7 b6 40.
Rxg7 Nf7 41. h5 Ke7 42. Rg6 Kd7 43. Rxd6+ Nxd6 44. Rxb6 Kc7 45. Rxd6 Kxd6 46.
Kg4 1-0

[Event "19. Obert Int. Sant Marti 2017 - B"]
[Site "Barcelona ESP"]
[Date "2017.07.14"]
[Round "2.46"]
[White "Viera Falcon, Cristo"]
[Black "Rodriguez Batuecas, Jordi"]
[Result "1-0"]
[WhiteElo "1889"]
[BlackElo "1551"]
[PlyCount "47"]
[EventDate "2017.07.13"]
[EventType "swiss"]
[EventRounds "9"]
[EventCountry "ESP"]
[SourceTitle "Ajedrez en Madrid"]
[Source "lmi"]
[SourceDate "2017.07.13"]
[SourceVersion "1"]
[SourceVersionDate "2019.06.21"]
[SourceQuality "1"]

1. d4 Nf6 2. c4 g6 3. Nc3 Bg7 4. e4 d6 5. f3 Nbd7 6. Be3 O-O 7. Qd2 c5 8. d5 a6
9. g4 Ne5 10. h4 Nexg4 11. fxg4 Bxg4 12. Be2 Qd7 13. Bh6 Bxe2 14. Bxg7 Kxg7 15.
Ngxe2 Qg4 16. Qe3 Rfb8 17. O-O-O b5 18. Rdg1 Qd7 19. h5 Ng8 20. Nf4 bxc4 21.
hxg6 hxg6 22. Ne6+ fxe6 23. Rxg6+ Kxg6 24. Qg3+ 1-0

[Event "19. Obert Int. Sant Marti 2017 - B"]
[Site "Barcelona ESP"]
[Date "2017.07.14"]
[Round "2.47"]
[White "Husson, Cybele"]
[Black "Guinjoan Fradera, Joan"]
[Result "1-0"]
[WhiteElo "1870"]
[BlackElo "1531"]
[PlyCount "73"]
[EventDate "2017.07.13"]
[EventType "swiss"]
[EventRounds "9"]
[EventCountry "ESP"]
[SourceTitle "Ajedrez en Madrid"]
[Source "lmi"]
[SourceDate "2017.07.13"]
[SourceVersion "1"]
[SourceVersionDate "2019.06.21"]
[SourceQuality "1"]

1. e4 c5 2. Nc3 e6 3. f4 d6 4. Nf3 Nf6 5. Bb5+ Bd7 6. Bxd7+ Nfxd7 7. O-O Be7 8.
d3 O-O 9. Qe1 Nc6 10. Nd1 Bf6 11. Ne3 Bd4 12. c3 Bxe3+ 13. Bxe3 e5 14. Qg3 f6
15. Nh4 Ne7 16. Rad1 exf4 17. Bxf4 Ne5 18. d4 N5g6 19. Nxg6 Nxg6 20. Bxd6 Re8
21. e5 fxe5 22. dxe5 Qb6 23. Qf2 c4 24. Rd4 Nxe5 25. Bxe5 Rf8 26. Rf4 Rxf4 27.
Bxf4 Qe6 28. Qe3 Qc6 29. Re1 b6 30. Qe6+ Qxe6 31. Rxe6 Kf7 32. Rc6 b5 33. Kf2
a5 34. a3 a4 35. h4 h6 36. Rb6 Ra5 37. Ke3 1-0

[Event "19. Obert Int. Sant Marti 2017 - B"]
[Site "Barcelona ESP"]
[Date "2017.07.14"]
[Round "2.48"]
[White "Martinez Navarro, Miquel"]
[Black "Corominas Garrido, Jordi"]
[Result "1/2-1/2"]
[WhiteElo "1547"]
[BlackElo "1864"]
[PlyCount "79"]
[EventDate "2017.07.13"]
[EventType "swiss"]
[EventRounds "9"]
[EventCountry "ESP"]
[SourceTitle "Ajedrez en Madrid"]
[Source "lmi"]
[SourceDate "2017.07.13"]
[SourceVersion "1"]
[SourceVersionDate "2019.06.21"]
[SourceQuality "1"]

1. e4 e6 2. Nf3 d5 3. exd5 exd5 4. g3 Nf6 5. Bg2 Be7 6. O-O O-O 7. d4 c6 8.
Nbd2 Bg4 9. Re1 Nbd7 10. c4 dxc4 11. Nxc4 Nd5 12. Ne3 Be6 13. Nxd5 Bxd5 14. Ne5
Bxg2 15. Kxg2 Nb6 16. Be3 Qd5+ 17. Kg1 Bb4 18. Re2 Rad8 19. a3 Bd6 20. Nd3 Rfe8
21. b3 Qe4 22. Raa2 Qg4 23. Bf4 Qd7 24. Rxe8+ Rxe8 25. Bxd6 Qxd6 26. Nc5 Nd5
27. Re2 Rb8 28. Qe1 Kf8 29. Nxb7 Qxa3 30. Nc5 Nf6 31. g4 g5 32. Qd2 Qb4 33.
Qxg5 Qxd4 34. Qxf6 Qxf6 35. Nd7+ Kg7 36. Nxf6 Kxf6 37. Rc2 Rb6 38. f4 Ke6 39.
Kf2 Kd6 40. Rc3 1/2-1/2

[Event "19. Obert Int. Sant Marti 2017 - B"]
[Site "Barcelona ESP"]
[Date "2017.07.14"]
[Round "2.49"]
[White "Molina Hernandez, Albert"]
[Black "Febrero Perez, Lluis"]
[Result "1-0"]
[WhiteElo "1840"]
[BlackElo "1488"]
[PlyCount "51"]
[EventDate "2017.07.13"]
[EventType "swiss"]
[EventRounds "9"]
[EventCountry "ESP"]
[SourceTitle "Ajedrez en Madrid"]
[Source "lmi"]
[SourceDate "2017.07.13"]
[SourceVersion "1"]
[SourceVersionDate "2019.06.21"]
[SourceQuality "1"]

1. e4 e5 2. Nf3 Nc6 3. Bb5 Nge7 4. O-O g6 5. c3 Bg7 6. d4 O-O 7. Bg5 h6 8. Bh4
g5 9. Bg3 f5 10. exf5 Nxf5 11. Bxc6 dxc6 12. Bxe5 Qd5 13. Bxg7 Nxg7 14. Nbd2
Bg4 15. h3 Bh5 16. Qc2 Bxf3 17. Nxf3 Nf5 18. Rfe1 Kg7 19. Re5 Qf7 20. Rae1 Rad8
21. g4 Rd5 22. gxf5 Rxe5 23. dxe5 Qh5 24. f6+ Kf7 25. Qh7+ Ke8 26. Qe7# 1-0

[Event "19. Obert Int. Sant Marti 2017 - B"]
[Site "Barcelona ESP"]
[Date "2017.07.14"]
[Round "2.50"]
[White "Climent Vidal, Pere"]
[Black "Peiron Lluch, Jose Daniel"]
[Result "0-1"]
[WhiteElo "1530"]
[BlackElo "1818"]
[PlyCount "68"]
[EventDate "2017.07.13"]
[EventType "swiss"]
[EventRounds "9"]
[EventCountry "ESP"]
[SourceTitle "Ajedrez en Madrid"]
[Source "lmi"]
[SourceDate "2017.07.13"]
[SourceVersion "1"]
[SourceVersionDate "2019.06.21"]
[SourceQuality "1"]

1. d4 d5 2. c4 e5 3. dxe5 d4 4. e3 Bb4+ 5. Bd2 dxe3 6. fxe3 Qh4+ 7. g3 Qe4 8.
Nf3 Bg4 9. Bg2 Nc6 10. O-O O-O-O 11. Qe1 Qxc4 12. Rf2 Bxf3 13. Bxf3 Nge7 14. b3
Bxd2 15. Nxd2 Qe6 16. Nc4 h5 17. Qe2 Nxe5 18. Bxh5 g6 19. Nxe5 Qxe5 20. Bg4+ f5
21. Raf1 fxg4 22. Qxg4+ Kb8 23. Qe2 Nf5 24. Rf3 Nd4 25. Qf2 Nxf3+ 26. Qxf3 Qh5
27. Qg2 Rd1 28. Qf2 Rxf1+ 29. Kxf1 Qxh2 30. Qf6 Qh1+ 31. Ke2 Rh2+ 32. Kd3 Qb1+
33. Kc4 Qe4+ 34. Kc3 Rc2# 0-1

[Event "19. Obert Int. Sant Marti 2017 - B"]
[Site "Barcelona ESP"]
[Date "2017.07.14"]
[Round "2.51"]
[White "Bailly, Axel"]
[Black "Silva Pena, Angel David"]
[Result "0-1"]
[WhiteElo "1470"]
[BlackElo "1805"]
[PlyCount "50"]
[EventDate "2017.07.13"]
[EventType "swiss"]
[EventRounds "9"]
[EventCountry "ESP"]
[SourceTitle "Ajedrez en Madrid"]
[Source "lmi"]
[SourceDate "2017.07.13"]
[SourceVersion "1"]
[SourceVersionDate "2019.06.21"]
[SourceQuality "1"]

1. e4 c6 2. d4 d5 3. e5 Bf5 4. c4 e6 5. Nf3 Nd7 6. Be2 h6 7. O-O dxc4 8. Nc3 b5
9. Be3 Bb4 10. a3 Bxc3 11. bxc3 Ne7 12. Qd2 Nb6 13. Nh4 Bh7 14. f4 Ned5 15. Nf3
Na4 16. Rac1 Qa5 17. Kh1 Naxc3 18. Rxc3 Qxc3 19. Qxc3 Nxc3 20. Bd1 Nxd1 21.
Rxd1 O-O 22. Bd2 a5 23. g3 Be4 24. Kg2 Rfd8 25. Bc1 c5 0-1

[Event "19. Obert Int. Sant Marti 2017 - B"]
[Site "Barcelona ESP"]
[Date "2017.07.14"]
[Round "2.52"]
[White "Bienvenido Kleque, Jose"]
[Black "Mercader Rubio, Luis"]
[Result "0-1"]
[WhiteElo "1468"]
[BlackElo "1747"]
[PlyCount "90"]
[EventDate "2017.07.13"]
[EventType "swiss"]
[EventRounds "9"]
[EventCountry "ESP"]
[SourceTitle "Ajedrez en Madrid"]
[Source "lmi"]
[SourceDate "2017.07.13"]
[SourceVersion "1"]
[SourceVersionDate "2019.06.21"]
[SourceQuality "1"]

1. c4 Nf6 2. Nf3 g6 3. Nc3 Bg7 4. g3 O-O 5. Bg2 c5 6. O-O Nc6 7. d3 d6 8. Re1
a6 9. a3 Rb8 10. Qc2 e5 11. e4 h6 12. Bd2 Be6 13. Qc1 Kh7 14. Qc2 Nh5 15. Be3
f5 16. exf5 gxf5 17. Rad1 Nd4 18. Bxd4 cxd4 19. Nb1 Qd7 20. b3 f4 21. Nbd2 Bg4
22. Rc1 b6 23. Qd1 Bf6 24. Qe2 fxg3 25. fxg3 Kh8 26. Rf1 Ng7 27. Ne4 Nf5 28.
Nxf6 Rxf6 29. Qe4 Ne3 30. Rf2 Rbf8 31. Re1 Bf5 32. Qh4 Bxd3 33. h3 Qg7 34. Qh5
Bg6 35. Qh4 Be8 36. Ree2 Bc6 37. Ne1 Bxg2 38. Nxg2 Nf5 39. Rxf5 Rxf5 40. g4 Rf3
41. Kh2 Qf6 42. Qe1 Rxb3 43. Nh4 Qf4+ 44. Kg2 Qg5 45. Nf5 Rxf5 0-1

[Event "19. Obert Int. Sant Marti 2017 - B"]
[Site "Barcelona ESP"]
[Date "2017.07.14"]
[Round "2.54"]
[White "Ramon Herraez, Alex"]
[Black "Rodriguez Monago, Juan Antonio"]
[Result "1-0"]
[WhiteElo "1694"]
[BlackElo "1468"]
[PlyCount "87"]
[EventDate "2017.07.13"]
[EventType "swiss"]
[EventRounds "9"]
[EventCountry "ESP"]
[SourceTitle "Ajedrez en Madrid"]
[Source "lmi"]
[SourceDate "2017.07.13"]
[SourceVersion "1"]
[SourceVersionDate "2019.06.21"]
[SourceQuality "1"]

1. d4 d5 2. Nf3 Nf6 3. c4 e6 4. e3 Be7 5. Bd3 c6 6. Nbd2 Nbd7 7. O-O O-O 8. e4
dxe4 9. Nxe4 Nxe4 10. Bxe4 Nf6 11. Bc2 Qc7 12. Qd3 g6 13. Bg5 Nh5 14. Bxe7 Qxe7
15. Qe3 Qf6 16. Rad1 b6 17. Be4 Bb7 18. Ne5 Rfd8 19. Bxc6 Bxc6 20. Nxc6 Rd6 21.
Ne5 Rad8 22. Rd3 Ng7 23. Ng4 Qe7 24. Qe5 h5 25. Nf6+ Kf8 26. Rg3 Rxd4 27. Nxh5
f5 28. Rxg6 Rg4 29. Rxg4 fxg4 30. Nxg7 Qxg7 31. Qxe6 Re8 32. Qf5+ Kg8 33. b3
Re2 34. Qd5+ Qf7 35. Qd8+ Qf8 36. Qd7 Qg7 37. Qxg7+ Kxg7 38. Ra1 Rb2 39. g3 Kf6
40. Kg2 Kf5 41. c5 Kg5 42. Rc1 bxc5 43. Rxc5+ Kf6 44. Ra5 1-0

[Event "19. Obert Int. Sant Marti 2017 - B"]
[Site "Barcelona ESP"]
[Date "2017.07.14"]
[Round "2.55"]
[White "Arias Aranda, Guillem"]
[Black "Catala Ulied, Guillem"]
[Result "0-1"]
[WhiteElo "1438"]
[BlackElo "1693"]
[PlyCount "74"]
[EventDate "2017.07.13"]
[EventType "swiss"]
[EventRounds "9"]
[EventCountry "ESP"]
[SourceTitle "Ajedrez en Madrid"]
[Source "lmi"]
[SourceDate "2017.07.13"]
[SourceVersion "1"]
[SourceVersionDate "2019.06.21"]
[SourceQuality "1"]

1. e4 c5 2. Nf3 d6 3. d4 cxd4 4. Nxd4 Nf6 5. Nc3 g6 6. Be3 Bg7 7. f3 O-O 8. Qd2
Nc6 9. Bc4 Bd7 10. h4 h5 11. O-O-O Rb8 12. Kb1 Na5 13. Bb3 b5 14. Bg5 Nc4 15.
Bxc4 bxc4 16. Bxf6 Bxf6 17. Nd5 Bg7 18. g4 e6 19. Nc3 Qb6 20. b3 Qc5 21. gxh5
Qxh5 22. Qg5 Qxg5 23. hxg5 Rfc8 24. Nce2 e5 25. Nc3 exd4 26. Nd5 Kf8 27. Rh4 d3
28. Rdh1 dxc2+ 29. Kc1 cxb3 30. axb3 Rxb3 31. Rh8+ Bxh8 32. Rxh8+ Kg7 33. Rxc8
Bxc8 34. Ne7 Rc3 35. Nd5 Rc5 36. Nb4 Be6 37. Nd3 Rc3 0-1

[Event "19. Obert Int. Sant Marti 2017 - B"]
[Site "Barcelona ESP"]
[Date "2017.07.14"]
[Round "2.56"]
[White "Pascual Gonzalez-Novelles, Carles"]
[Black "Olleta Tanya, Jordi"]
[Result "1-0"]
[WhiteElo "1683"]
[BlackElo "1450"]
[PlyCount "47"]
[EventDate "2017.07.13"]
[EventType "swiss"]
[EventRounds "9"]
[EventCountry "ESP"]
[SourceTitle "Ajedrez en Madrid"]
[Source "lmi"]
[SourceDate "2017.07.13"]
[SourceVersion "1"]
[SourceVersionDate "2019.06.21"]
[SourceQuality "1"]

1. e4 e6 2. d4 d5 3. Nc3 c6 4. Nf3 h6 5. Bd3 Ne7 6. O-O dxe4 7. Nxe4 Nd5 8. a3
Be7 9. c4 Nf6 10. Bf4 Nxe4 11. Bxe4 g5 12. Be5 Bf6 13. Qe2 Bxe5 14. Nxe5 Qf6
15. Qh5 Nd7 16. Nxf7 Ke7 17. Nxh8 Qxh8 18. d5 Nf6 19. Qe2 Nxe4 20. Qxe4 cxd5
21. cxd5 Kd6 22. dxe6 Bxe6 23. Rad1+ Ke7 24. Rfe1 1-0

[Event "19. Obert Int. Sant Marti 2017 - B"]
[Site "Barcelona ESP"]
[Date "2017.07.14"]
[Round "2.57"]
[White "Garcia Punzano, Josep Lluis"]
[Black "Jimenez Rimblas, Raul"]
[Result "1-0"]
[WhiteElo "1683"]
[BlackElo "1437"]
[PlyCount "79"]
[EventDate "2017.07.13"]
[EventType "swiss"]
[EventRounds "9"]
[EventCountry "ESP"]
[SourceTitle "Ajedrez en Madrid"]
[Source "lmi"]
[SourceDate "2017.07.13"]
[SourceVersion "1"]
[SourceVersionDate "2019.06.21"]
[SourceQuality "1"]

1. d4 g6 2. c4 Bg7 3. Nc3 Nf6 4. e4 d6 5. Nf3 Nbd7 6. Be2 c5 7. d5 Nb6 8. O-O
Bg4 9. e5 dxe5 10. Nxe5 Bxe2 11. Qxe2 O-O 12. Be3 Qc7 13. Nf3 Rfe8 14. Nb5 Qc8
15. Bf4 a6 16. Nc7 Qg4 17. Nxa8 Nxa8 18. Bg3 Nb6 19. Rac1 Ne4 20. Bc7 Na4 21.
h3 Qd7 22. Be5 Bxe5 23. Nxe5 Qf5 24. Ng4 Kg7 25. Rfe1 h5 26. Qxe4 Qxe4 27. Rxe4
hxg4 28. Rxg4 Nxb2 29. Rb1 f5 30. Rf4 Nd3 31. Rf3 Nb4 32. Rb2 Rh8 33. a3 Nxd5
34. cxd5 b5 35. Re3 Kf6 36. Re6+ Kf7 37. Rxa6 c4 38. Rxb5 c3 39. Rc5 c2 40.
Rxc2 1-0

[Event "19. Obert Int. Sant Marti 2017 - B"]
[Site "Barcelona ESP"]
[Date "2017.07.14"]
[Round "2.58"]
[White "Lopez Abaurrea, Eduardo"]
[Black "Valbuena Castro, Gregorio"]
[Result "0-1"]
[WhiteElo "1422"]
[BlackElo "1682"]
[PlyCount "58"]
[EventDate "2017.07.13"]
[EventType "swiss"]
[EventRounds "9"]
[EventCountry "ESP"]
[SourceTitle "Ajedrez en Madrid"]
[Source "lmi"]
[SourceDate "2017.07.13"]
[SourceVersion "1"]
[SourceVersionDate "2019.06.21"]
[SourceQuality "1"]

1. d4 c5 2. Nf3 cxd4 3. Nxd4 e5 4. Nb3 d5 5. e3 Nf6 6. N1d2 Nc6 7. Nf3 Bd6 8.
Be2 O-O 9. c3 Qc7 10. Qc2 a6 11. Bd2 e4 12. Nfd4 Bxh2 13. O-O-O Be5 14. f4 Bd6
15. Be1 Bg4 16. Qd2 Nb4 17. Kb1 Nd3 18. Bxg4 Nxg4 19. Nf5 Nxe3 20. Qxe3 Bxf4
21. Qh3 h6 22. Qg4 Qe5 23. Nxg7 Qxg7 24. Qxf4 Nxf4 25. Bd2 Qg3 26. Nc1 e3 27.
Be1 Qg6+ 28. Ka1 e2 29. Rd4 Qc2 0-1

[Event "19. Obert Int. Sant Marti 2017 - B"]
[Site "Barcelona ESP"]
[Date "2017.07.14"]
[Round "2.59"]
[White "Subirana Santos, Marc"]
[Black "Pifarre Gene, Joan Baptista"]
[Result "1/2-1/2"]
[WhiteElo "1679"]
[BlackElo "1422"]
[PlyCount "187"]
[EventDate "2017.07.13"]
[EventType "swiss"]
[EventRounds "9"]
[EventCountry "ESP"]
[SourceTitle "Ajedrez en Madrid"]
[Source "lmi"]
[SourceDate "2017.07.13"]
[SourceVersion "1"]
[SourceVersionDate "2019.06.21"]
[SourceQuality "1"]

1. c4 e5 2. Nc3 Nf6 3. d3 d6 4. g3 Be6 5. Bg2 Qc8 6. Qb3 Nc6 7. Nd5 Bxd5 8.
cxd5 Nd4 9. Qd1 c6 10. dxc6 Nxc6 11. Nf3 Be7 12. O-O O-O 13. Bd2 h6 14. Rc1 Qe6
15. a3 Nh7 16. Qc2 Rac8 17. Qb1 f5 18. e3 g5 19. Rc2 e4 20. dxe4 fxe4 21. Nd4
Nxd4 22. exd4 d5 23. Rfc1 Rc6 24. Rxc6 bxc6 25. b4 Qf6 26. Be3 g4 27. Qc2 Rc8
28. Qa4 Rc7 29. h4 Nf8 30. b5 Nd7 31. bxc6 Nb6 32. Qb3 Rxc6 33. Rxc6 Qxc6 34.
Bxe4 Kg7 35. Bg2 Qd6 36. a4 Qb4 37. Qc2 Qxa4 38. Qf5 Qd7 39. Qxd7 Nxd7 40. Bxd5
a5 41. Be6 Nb6 42. d5 Nc4 43. Bd4+ Kf8 44. Bxg4 a4 45. Be2 Nd2 46. Bd1 a3 47.
Bc3 a2 48. Kg2 Kf7 49. Bh5+ Kg8 50. Bg4 Kf7 51. Be6+ Kg6 52. f3 Bf6 53. d6 Bxc3
54. Bxa2 Kf6 55. Kf2 Be5 56. g4 Bxd6 57. Bd5 Nb1 58. Ke3 Na3 59. Ke4 Bg3 60. h5
Kg5 61. Bc6 Bf4 62. Kd5 Nc2 63. Bb7 Ne1 64. Ke6 Bc1 65. Ke5 Bf4+ 66. Ke4 Bc1
67. Ba6 Bd2 68. Be2 Bf4 69. Bd1 Bc1 70. Bb3 Bf4 71. Bd5 Bc1 72. Kd4 Kf4 73. Be6
Nxf3+ 74. Kd5 Ne5 75. Bc8 Nxg4 76. Kd4 Nf6 77. Kd3 Kf3 78. Bb7+ Kf2 79. Kc2 Bf4
80. Kd3 Nxh5 81. Ke4 Bc1 82. Kf5 Ng3+ 83. Kg4 Ba3 84. Bc6 h5+ 85. Kh3 Bd6 86.
Be8 Be7 87. Bg6 h4 88. Bf7 Kg1 89. Be6 Ne2 90. Bd7 Nf4+ 91. Kg4 Ng2 92. Kh3 Kf2
93. Kh2 Kf3 94. Bc6+ 1/2-1/2